Veľká ilúzia českého školstva

Bibliographic Details
Main Author: Piťha, Petr (Author)
Format: Article
Language:Slovak
PhysicalDescription:Fotogr.
ISSN:0139-5769
Subjects:

MARC

LEADER 00000nab a2200000 a 4500
001 vtls010470931
003 SK-MaSNL
005 20260304040512.0
008 140302c2012 xo |r|p||| |000 b|slo
015 |a SNBRB2012/11 
038 |a SPK 
040 |a SPKCL  |b slo  |c AACR2  |e AACR2 
041 0 |a slo 
044 |a xo  |c SK 
072 7 |a 371  |x Školstvo (organizácia)  |2 konspekt 
080 |a 371  |x (437.1/.3)  |2 2001 
100 1 |a Piťha, Petr  |4 aut  |9 1321475 
245 1 0 |a Veľká ilúzia českého školstva  |c Petr Piťha 
300 |b Fotogr. 
600 1 7 |a Piťha, Petr,  |d 1938-  |2 snkbucl  |9 114915 
650 0 7 |a školstvo  |2 snkbucl  |9 19712 
650 0 7 |a názor  |2 snkbucl  |9 1218204 
651 7 |a Česko  |2 snkbucl  |9 16753 
773 0 |t Učiteľské noviny  |g Roč. LIX, č. 3(2012), s. 6-7  |x 0139-5769 
852 |a SPK  |b KIS3GCP 
999 |c 2663644  |d 2665574